| 000 | 00421nam a2200181Ia 4500 | ||
|---|---|---|---|
| 003 | 0STCL | ||
| 008 | 150530s9999 xx 000 0 und d | ||
| 040 |
_aSTCL _cSTCL |
||
| 100 | _aGopalakrishnan, K. | ||
| 245 | _aV.C. Krithikal | ||
| 250 | _a1 | ||
| 260 |
_bKerala Sahitya Academi; Thrissur _c1997 _aThrissur |
||
| 300 | _a0 | ||
| 546 | _aMalayalam | ||
| 942 |
_2ddc _cBK |
||
| 999 |
_c47396 _d47396 |
||
| 005 | 20220125170725.0 | ||